[Event "BL2-Sued 1617"]
[Site "Germany"]
[Date "2016.12.04"]
[Round "3.8"]
[White "Von Rahden, Arvid"]
[Black "Gibicar, Danijel"]
[Result "1/2-1/2"]
[WhiteElo "2202"]
[BlackElo "2259"]
[PlyCount "54"]
[EventDate "2016.10.16"]
[EventType "team-tourn"]
[EventRounds "9"]
[EventCountry "GER"]
[SourceTitle "EXT 2018"]
[Source "ChessBase"]
[SourceDate "2017.10.13"]
[SourceVersion "1"]
[SourceVersionDate "2017.10.13"]
[SourceQuality "1"]
[WhiteTeam "Heusenstamm"]
[BlackTeam "Eppingen"]
[WhiteTeamCountry "GER"]
[BlackTeamCountry "GER"]

1. e4 e6 2. d4 d5 3. exd5 exd5 4. Bd3 Nf6 5. Bf4 c5 6. Qe2+ Be6 7. Nf3 Bd6 8. Bxd6 Qxd6 9. dxc5 Qxc5 10. 0-0 0-0 11. h3 Re8 12. Qd1 Nc6 13. Nbd2 Rac8 14. Nb3 Qb6 15. c3 Ne4 16. Rb1 Bf5 17. Nbd4 Bg6 18. Nxc6 bxc6 19. Nh4 Nc5 20. Nxg6 Nxd3 21. Qxd3 hxg6 22. b3 Qa5 23. Rb2 Re4 24. c4 Rce8 25. cxd5 Qxd5 26. Qxd5 cxd5 27. Rd2 Re2 1/2-1/2

[Event "Oberliga Ost-B 1415"]
[Site "Germany"]
[Date "2014.09.21"]
[Round "1.6"]
[White "Haubt, Georg"]
[Black "Von Rahden, Arvid"]
[Result "1/2-1/2"]
[WhiteElo "2204"]
[BlackElo "2193"]
[PlyCount "85"]
[EventDate "2014.09.21"]
[EventType "team-tourn"]
[EventRounds "11"]
[EventCountry "GER"]
[SourceTitle "EXT 2016"]
[Source "ChessBase"]
[SourceDate "2015.10.08"]
[SourceVersion "1"]
[SourceVersionDate "2015.10.08"]
[SourceQuality "1"]
[WhiteTeam "Oberursel"]
[BlackTeam "Heusenstamm"]
[WhiteTeamCountry "GER"]
[BlackTeamCountry "GER"]

1. e4 d5 2. exd5 Qxd5 3. Nc3 Qa5 4. Bc4 c6 5. Qe2 Nf6 6. Nf3 Bf5 7. 0-0 e6 8. d4 Be7 9. h3 0-0 10. Nh4 Bg6 11. Nxg6 hxg6 12. Bd2 Qd8 13. Be3 Nbd7 14. a4 a5 15. Rfd1 Nb6 16. Bd3 Qc7 17. Ne4 Nxe4 18. Bxe4 Nd5 19. Bd2 Rfd8 20. g3 Nf6 21. Bf4 Bd6 22. Bg5 Rd7 23. Bg2 Nd5 24. Rac1 Be7 25. Bxe7 Nxe7 26. h4 Rad8 27. c3 Qb6 28. Qc2 Nd5 29. Bf1 Nf6 30. Re1 c5 31. dxc5 Qxc5 32. Rcd1 Ng4 33. Rxd7 Rxd7 34. Qe2 Nf6 35. Bg2 b6 36. Rd1 Qc7 37. Bf3 Qd8 38. b4 Rxd1+ 39. Qxd1 Qxd1+ 40. Bxd1 Nd5 41. bxa5 bxa5 42. c4 Nb6 43. c5 1/2-1/2

[Event "Oberliga Ost-B 1314"]
[Site "Germany"]
[Date "2014.01.18"]
[Round "6.6"]
[White "Von Rahden, Arvid"]
[Black "Klings, Peter"]
[Result "1/2-1/2"]
[WhiteElo "2187"]
[BlackElo "2167"]
[PlyCount "73"]
[EventDate "2013.10.13"]
[EventType "team-tourn"]
[EventRounds "11"]
[EventCountry "GER"]
[SourceTitle "EXT 2015"]
[Source "ChessBase"]
[SourceDate "2014.11.20"]
[SourceVersion "1"]
[SourceVersionDate "2014.11.20"]
[SourceQuality "1"]
[WhiteTeam "Heusenstamm"]
[BlackTeam "Moerlenbach"]
[WhiteTeamCountry "GER"]
[BlackTeamCountry "GER"]

1. e4 g6 2. Nc3 Bg7 3. g3 d6 4. Bg2 Nf6 5. Nge2 0-0 6. 0-0 c5 7. d3 Nc6 8. h3 Rb8 9. Be3 b5 10. Qd2 Re8 11. f4 b4 12. Nd1 Qc7 13. g4 a5 14. Ng3 Nd7 15. h4 Nf6 16. g5 Ng4 17. Rb1 Nd4 18. f5 c4 19. f6 c3 20. bxc3 bxc3 21. Nxc3 Nxe3 22. Qxe3 Rxb1 23. Nxb1 Nxc2 24. Qf2 exf6 25. Rc1 fxg5 26. Rxc2 Qb8 27. Nc3 gxh4 28. Nge2 h3 29. Bf1 Be6 30. Nf4 Qb4 31. Ncd5 Qa4 32. Rc4 Qd1 33. Ne3 Qa1 34. Rc7 Rf8 35. Kh2 Be5 36. Kh1 a4 37. Ned5 1/2-1/2

[Event "Hessenliga 1213"]
[Site "Germany"]
[Date "2013.02.17"]
[Round "6.5"]
[White "Goll, Christof"]
[Black "Von Rahden, Arvid"]
[Result "0-1"]
[WhiteElo "2114"]
[BlackElo "2187"]
[PlyCount "104"]
[EventDate "2012.09.16"]
[EventType "team-tourn"]
[EventRounds "9"]
[EventCountry "GER"]
[SourceTitle "EXT 2014"]
[Source "ChessBase"]
[SourceDate "2013.11.20"]
[SourceVersion "1"]
[SourceVersionDate "2013.11.20"]
[SourceQuality "1"]
[WhiteTeam "Nied"]
[BlackTeam "Heusenstamm"]
[WhiteTeamCountry "GER"]
[BlackTeamCountry "GER"]

1. c4 c6 2. g3 Nf6 3. Bg2 d5 4. Nf3 e6 5. 0-0 Be7 6. b3 0-0 7. Bb2 Nbd7 8. d3 b5 9. Nbd2 a5 10. Nd4 Qb6 11. Qc2 Bb7 12. e4 b4 13. Rae1 c5 14. Ne2 d4 15. h3 e5 16. f4 Nh5 17. fxe5 Bg5 18. Nf3 Be3+ 19. Kh2 Rae8 20. Bc1 Bxc1 21. Qxc1 Nxe5 22. Nxe5 Rxe5 23. Nf4 Bc8 24. Nd5 Qd6 25. Nf4 Rfe8 26. Qd2 Rg5 27. Nxh5 Rxh5 28. Qf4 Qe7 29. Rf2 Re5 30. Ref1 f6 31. Kg1 Be6 32. Kh2 Qd7 33. g4 Ra8 34. Rb2 h6 35. Qf3 Kf7 36. Kg1 Rh8 37. Kf2 h5 38. g5 Rxg5 39. Re2 h4 40. Ke1 Rg3 41. Qf4 Rxd3 42. e5 f5 43. Be4 Re3 44. Qg5 Rg3 45. Qf4 g6 46. Rg2 Qe7 47. Rfg1 Re3+ 48. Re2 Rxh3 49. Rxg6 Kxg6 50. Qg4+ Qg5 51. Qxh3 Qg3+ 52. Qxg3+ hxg3 0-1

[Event "Mecklenburg VP-ch MT"]
[Site "Nakenstorf"]
[Date "2006.04.16"]
[Round "7.2"]
[White "Schroeder, Christian"]
[Black "Von Rahden, Arvid"]
[Result "0-1"]
[WhiteElo "2034"]
[BlackElo "2147"]
[PlyCount "78"]
[EventDate "2006.04.13"]
[EventType "swiss"]
[EventRounds "9"]
[EventCountry "GER"]
[SourceTitle "EXT 2022"]
[Source "ChessBase"]
[SourceDate "2021.10.06"]
[SourceVersion "1"]
[SourceVersionDate "2021.10.06"]
[SourceQuality "1"]

1. c4 d6 2. d4 e5 3. d5 f5 4. Nf3 Nf6 5. Nc3 Na6 6. g3 Be7 7. Bg2 0-0 8. 0-0 Bd7 9. a3 Nc5 10. Nd2 a5 11. b3 Ng4 12. Rb1 Be8 13. h3 Nh6 14. b4 axb4 15. axb4 Nd7 16. e4 Bg6 17. Nb3 Nf7 18. h4 Nf6 19. Rb2 Bh5 20. Bf3 Bxf3 21. Qxf3 f4 22. gxf4 exf4 23. Bxf4 Nd7 24. Qh3 Nfe5 25. Bxe5 Nxe5 26. Nd4 Ra3 27. Ne6 Qd7 28. f4 Nxc4 29. Rg2 Bf6 30. Rf3 Rf7 31. h5 h6 32. Ne2 Ra1+ 33. Kh2 Nd2 34. Ra3 Qe7 35. Rxa1 Bxa1 36. Qd3 Qh4+ 37. Kg1 Qe1+ 38. Kh2 Be5 39. Qg3 Nf1+ 0-1

[Event "Mecklenburg VP-ch MT"]
[Site "Nakenstorf"]
[Date "2006.04.15"]
[Round "6.3"]
[White "Von Rahden, Arvid"]
[Black "Kliewe, Hans Juergen"]
[Result "1-0"]
[WhiteElo "2147"]
[BlackElo "2149"]
[PlyCount "41"]
[EventDate "2006.04.13"]
[EventType "swiss"]
[EventRounds "9"]
[EventCountry "GER"]
[SourceTitle "EXT 2022"]
[Source "ChessBase"]
[SourceDate "2021.10.06"]
[SourceVersion "1"]
[SourceVersionDate "2021.10.06"]
[SourceQuality "1"]

1. e4 e6 2. Nf3 d5 3. e5 c5 4. b4 b6 5. Bb2 cxb4 6. c3 Qd7 7. cxb4 Ba6 8. Bxa6 Nxa6 9. a3 Rc8 10. 0-0 Be7 11. Nc3 Nh6 12. Nxd5 exd5 13. e6 Qxe6 14. Re1 Qd6 15. Qe2 0-0 16. Qxe7 Qxe7 17. Rxe7 Rc7 18. Rae1 f6 19. Nd4 Rf7 20. Re8+ Rf8 21. Rxf8+ 1-0

[Event "Mecklenburg VP-ch MT"]
[Site "Nakenstorf"]
[Date "2006.04.13"]
[Round "2.6"]
[White "Von Rahden, Arvid"]
[Black "Dettmann, Holger"]
[Result "1-0"]
[WhiteElo "2147"]
[BlackElo "1960"]
[PlyCount "101"]
[EventDate "2006.04.13"]
[EventType "swiss"]
[EventRounds "9"]
[EventCountry "GER"]
[SourceTitle "EXT 2022"]
[Source "ChessBase"]
[SourceDate "2021.10.06"]
[SourceVersion "1"]
[SourceVersionDate "2021.10.06"]
[SourceQuality "1"]

1. e4 b6 2. d4 Bb7 3. f3 e6 4. Be3 d5 5. exd5 exd5 6. Bd3 Bb4+ 7. c3 Qe7 8. cxb4 Qxe3+ 9. Qe2 Qxe2+ 10. Nxe2 Nf6 11. Nbc3 0-0 12. Kf2 Nc6 13. a3 Nd8 14. Nf4 g5 15. Nfe2 Ne6 16. b5 Ne8 17. h4 N8g7 18. hxg5 Nxg5 19. Nf4 Rad8 20. Rh6 f5 21. Nfxd5 Rd6 22. Rxd6 cxd6 23. Ne7+ Kh8 24. Rh1 Rf6 25. Ncd5 Bxd5 26. Nxd5 Rf7 27. Nf4 N7e6 28. Nxe6 Nxe6 29. Bc4 Rf6 30. Bxe6 Rxe6 31. Rc1 Re7 32. Rc8+ Kg7 33. Rd8 Rc7 34. Rxd6 Rc2+ 35. Kg3 Rxb2 36. Rd7+ Kg6 37. a4 Rb4 38. Rxa7 Rxd4 39. Ra6 Kg5 40. Rxb6 Rxa4 41. Rb8 Rb4 42. b6 Kg6 43. Kf2 f4 44. Ke2 Kh5 45. b7 Kh4 46. Kd3 h5 47. Kc3 Rb1 48. Kd4 Rb2 49. Ke5 Rb1 50. Kxf4 Rxb7 51. g3+ 1-0

[Event "Oberliga Nord N 0506"]
[Site "Germany"]
[Date "2005.12.11"]
[Round "4.7"]
[White "Von Rahden, Arvid"]
[Black "Rubach, Ingo"]
[Result "1-0"]
[WhiteElo "2147"]
[BlackElo "2151"]
[PlyCount "150"]
[EventDate "2005.10.23"]
[EventType "team-tourn"]
[EventRounds "9"]
[EventCountry "GER"]
[SourceTitle "EXT 2007"]
[Source "ChessBase"]
[SourceDate "2006.11.23"]
[SourceVersion "1"]
[SourceVersionDate "2006.11.23"]
[SourceQuality "1"]
[WhiteTeam "Rostock"]
[BlackTeam "Pinneberg"]
[WhiteTeamCountry "GER"]
[BlackTeamCountry "GER"]

1. e4 e5 2. Bc4 d6 3. d3 c6 4. Nc3 Nf6 5. Nf3 Be7 6. Bb3 0-0 7. Bg5 Nbd7 8. 0-0 b5 9. Ne2 a5 10. c3 Nc5 11. Bc2 Bg4 12. Ng3 Ne6 13. Be3 Nh5 14. h3 Nxg3 15. fxg3 Bh5 16. Qd2 Qc7 17. d4 Rfd8 18. d5 Nc5 19. b4 axb4 20. cxb4 Na4 21. dxc6 Qxc6 22. Bb3 Rac8 23. Rac1 Qa6 24. Bg5 Rxc1 25. Qxc1 Rc8 26. Qd2 Nc3 27. Qe3 Bf8 28. Rc1 Qc6 29. Qd3 d5 30. Bxd5 Qb6+ 31. Kh2 Bxb4 32. Nxe5 Be2 33. Bxf7+ Kh8 34. Rxc3 Bxc3 35. Qxe2 Bxe5 36. Qh5 Qc7 37. Bh4 Qd6 38. Bb3 b4 39. Qf5 Rf8 40. Qh5 Qc7 41. Qg4 Qc5 42. Qe6 Bd6 43. Bd5 Qc7 44. Qg4 Be5 45. Bb3 h6 46. Qg6 Bd4 47. Bg5 Qb6 48. Qxb6 Bxb6 49. Bf4 Bc5 50. h4 Re8 51. Bd5 Kh7 52. Kh3 Kg6 53. Kg4 Bd4 54. Bd6 Bc3 55. Kf4 Kf6 56. g4 Be5+ 57. Bxe5+ Rxe5 58. Ke3 g5 59. g3 Re7 60. Kd4 Rc7 61. e5+ Ke7 62. Ke4 Rc3 63. hxg5 hxg5 64. Kf5 Re3 65. Bb3 Re1 66. e6 Rf1+ 67. Kxg5 Rf8 68. Kg6 Rg8+ 69. Kf5 Rg7 70. g5 Rg8 71. g6 Rf8+ 72. Kg5 Rg8 73. Bc2 Rg7 74. Kh6 Kf8 75. Kg5 Ke7 1-0

[Event "Rostock  PSV op 04th"]
[Site "Rostock"]
[Date "2004.08.29"]
[Round "7"]
[White "Boettcher, Patrick"]
[Black "Von Rahden, Arvid"]
[Result "1/2-1/2"]
[WhiteElo "1949"]
[BlackElo "2145"]
[PlyCount "45"]
[EventDate "2004.08.26"]
[EventType "swiss"]
[EventRounds "7"]
[EventCountry "GER"]
[SourceTitle "EXT 2007"]
[Source "ChessBase"]
[SourceDate "2006.11.23"]
[SourceVersion "1"]
[SourceVersionDate "2006.11.23"]
[SourceQuality "1"]

1. e4 e5 2. Nf3 Nc6 3. Bb5 d6 4. d4 exd4 5. Nxd4 Bd7 6. Nc3 Nf6 7. 0-0 Be7 8. Re1 Nxd4 9. Qxd4 Bxb5 10. Nxb5 a6 11. Nc3 0-0 12. Bg5 h6 13. Bh4 Re8 14. Rad1 Nh7 15. Bxe7 Qxe7 16. Nd5 Qd7 17. Re3 Ng5 18. Rde1 Ne6 19. Qd2 Rad8 20. Rg3 Kf8 21. Ne3 Ng5 22. f3 Qb5 23. Qc3 1/2-1/2

[Event "Rostock  PSV op 04th"]
[Site "Rostock"]
[Date "2004.08.26"]
[Round "1"]
[White "Onasch, Paul"]
[Black "Von Rahden, Arvid"]
[Result "1-0"]
[WhiteElo "1690"]
[BlackElo "2145"]
[PlyCount "103"]
[EventDate "2004.08.26"]
[EventType "swiss"]
[EventRounds "7"]
[EventCountry "GER"]
[SourceTitle "EXT 2007"]
[Source "ChessBase"]
[SourceDate "2006.11.23"]
[SourceVersion "1"]
[SourceVersionDate "2006.11.23"]
[SourceQuality "1"]

1. d4 d5 2. Nf3 Nf6 3. e3 Bg4 4. Bd3 e6 5. Nbd2 Be7 6. 0-0 0-0 7. c3 Nbd7 8. e4 dxe4 9. Nxe4 e5 10. Nxf6+ Bxf6 11. Be2 exd4 12. Nxd4 Bxe2 13. Nxe2 Re8 14. Be3 c5 15. Qc2 Qc7 16. Rad1 Ne5 17. Bf4 Qc6 18. Bxe5 Rxe5 19. Rd2 Rae8 20. Ng3 g6 21. Qd1 R5e7 22. Rd6 Re1 23. Rxc6 Rxd1 24. Rxf6 Rd2 25. Rb1 Kg7 26. Rf3 b5 27. Re3 Red8 28. Re2 R2d5 29. Kf1 a5 30. a3 Kf8 31. Ke1 f5 32. f3 Kf7 33. Rc1 Rd3 34. Kf2 R8d7 35. Rcc2 Rd1 36. Nf1 Ra1 37. Rcd2 Rc7 38. Re1 Ra2 39. Ne3 b4 40. Nc4 Kf6 41. Red1 a4 42. Ke3 Re7+ 43. Kf2 Rb7 44. cxb4 cxb4 45. Rd6+ Kg5 46. R1d2 Rc7 47. R6d4 bxa3 48. Nxa3 Rb7 49. Rxa4 Rb3 50. Ra7 f4 51. Ra5+ Kh6 52. Nc4 1-0

[Event "Oberliga Nord N 0304"]
[Site "Germany"]
[Date "2003.12.14"]
[Round "4.8"]
[White "Rubach, Ingo"]
[Black "Von Rahden, Arvid"]
[Result "0-1"]
[WhiteElo "2143"]
[BlackElo "2151"]
[PlyCount "84"]
[EventDate "2003.10.12"]
[EventType "team-tourn"]
[EventRounds "9"]
[EventCountry "GER"]
[SourceTitle "EXT 2005"]
[Source "ChessBase"]
[SourceDate "2004.11.15"]
[SourceVersion "1"]
[SourceVersionDate "2004.11.15"]
[SourceQuality "1"]
[WhiteTeam "Pinneberg"]
[BlackTeam "Rostock Polizei"]
[WhiteTeamCountry "GER"]
[BlackTeamCountry "GER"]

1. e4 d5 2. exd5 Qxd5 3. Nc3 Qa5 4. b4 Qxb4 5. Rb1 Qd6 6. Nf3 c6 7. Bc4 e6 8. 0-0 Nf6 9. d4 Be7 10. Qe2 0-0 11. Bg5 Nbd7 12. Bd3 Re8 13. Rfd1 b6 14. Ne5 Qc7 15. Rb3 Bb7 16. Re1 Nf8 17. a4 Rad8 18. Be3 Bd6 19. Bc1 Nd5 20. Bd2 Ng6 21. g3 Nxc3 22. Bxc3 Bxe5 23. dxe5 c5 24. f3 Rd7 25. Ra1 c4 26. Bxc4 Bxf3 27. Qxf3 Qxc4 28. a5 b5 29. a6 Red8 30. Rf1 h6 31. Kg2 Qc5 32. Re1 Rd5 33. Ba5 R8d7 34. Rc3 Qf8 35. Bc7 Qc8 36. Bd6 Qxa6 37. h4 Qb7 38. Kh3 Rd2 39. Re4 a5 40. h5 Ne7 41. g4 Rf2 42. Qh1 Re2 0-1

[Event "Oberliga Nord N 0304"]
[Site "Germany"]
[Date "2003.10.16"]
[Round "1.8"]
[White "Von Rahden, Arvid"]
[Black "Wandel, Bernd"]
[Result "1-0"]
[WhiteElo "2151"]
[BlackElo "2170"]
[PlyCount "69"]
[EventDate "2003.10.12"]
[EventType "team-tourn"]
[EventRounds "9"]
[EventCountry "GER"]
[SourceTitle "EXT 2005"]
[Source "ChessBase"]
[SourceDate "2004.11.15"]
[SourceVersion "1"]
[SourceVersionDate "2004.11.15"]
[SourceQuality "1"]
[WhiteTeam "Rostock Polizei"]
[BlackTeam "Schwerin"]
[WhiteTeamCountry "GER"]
[BlackTeamCountry "GER"]

1. e4 c6 2. d4 d5 3. Nc3 dxe4 4. Nxe4 Nf6 5. Nxf6+ gxf6 6. Bc4 Bf5 7. c3 e6 8. Bf4 Rg8 9. Bg3 Nd7 10. Ne2 Nb6 11. Bd3 Bg6 12. 0-0 f5 13. Nf4 Bd6 14. Qe2 Bxf4 15. Bxf4 Nd5 16. Bd2 Qh4 17. f4 Bh5 18. Qf2 Qg4 19. Rfe1 0-0-0 20. a4 Nf6 21. b4 Rg7 22. Re3 Qg6 23. Rg3 Qh6 24. Rxg7 Qxg7 25. Re1 Qg6 26. b5 c5 27. a5 cxd4 28. b6 axb6 29. cxd4 Ne4 30. Qe3 Qf6 31. Bxe4 fxe4 32. Bc3 bxa5 33. d5 Qe7 34. Bxa5 Rxd5 35. Rc1+ 1-0

[Event "Mecklenburg VP LL2 West 0203"]
[Site "Mecklenburg VP"]
[Date "2003.02.23"]
[Round "7.4"]
[White "Von Rahden, Arvid"]
[Black "Kornblum, Harry"]
[Result "1-0"]
[WhiteElo "2041"]
[BlackElo "2027"]
[PlyCount "97"]
[EventDate "2002.10.20"]
[EventType "team-tourn"]
[EventRounds "9"]
[EventCountry "GER"]
[SourceTitle "EXT 2022"]
[Source "ChessBase"]
[SourceDate "2021.10.06"]
[SourceVersion "1"]
[SourceVersionDate "2021.10.06"]
[SourceQuality "1"]
[WhiteTeam "Neukloster"]
[BlackTeam "Kuehlungsborn SV Empor"]
[WhiteTeamCountry "GER"]
[BlackTeamCountry "GER"]

1. e4 c5 2. Nc3 a6 3. g3 d6 4. Bg2 Nc6 5. f4 e6 6. Nf3 g6 7. d3 Bg7 8. Be3 Qc7 9. Qd2 Nge7 10. 0-0 0-0 11. Nh4 Bd7 12. f5 exf5 13. exf5 Nxf5 14. Nxf5 Bxf5 15. Rxf5 gxf5 16. Nd5 Qd8 17. c3 Ne7 18. Rf1 Rb8 19. Bh6 Nxd5 20. Bxd5 Qf6 21. Bxg7 Kxg7 22. Be4 fxe4 23. Rxf6 Kxf6 24. dxe4 Ke7 25. Qh6 f5 26. Qxh7+ Rf7 27. Qh4+ Kd7 28. exf5 Rxf5 29. Qh7+ Ke6 30. Qg6+ Rf6 31. Qe4+ Kd7 32. Kg2 Re6 33. Qf3 Re7 34. h4 Kc7 35. h5 Rbe8 36. Kf2 Re5 37. g4 R8e6 38. g5 Kb6 39. Qg4 Re4 40. Qd1 R4e5 41. Qd2 Kc7 42. Kf3 Re1 43. h6 R1e4 44. Qd5 R4e5 45. Qxe6 Rxe6 46. h7 Re8 47. g6 Rh8 48. c4 Kd7 49. Kf4 1-0

[Event "BL2-Nord 9900"]
[Site "Germany"]
[Date "2000.01.30"]
[Round "5.8"]
[White "Giemsa, Stephan"]
[Black "Von Rahden, Arvid"]
[Result "1-0"]
[WhiteElo "2290"]
[BlackElo "2155"]
[PlyCount "129"]
[EventDate "1999.10.10"]
[EventType "team-tourn"]
[EventRounds "9"]
[EventCountry "GER"]
[SourceTitle "CBM 074 Extra"]
[Source "ChessBase"]
[SourceDate "2000.03.10"]
[SourceVersion "2"]
[SourceVersionDate "2000.03.10"]
[SourceQuality "1"]
[WhiteTeam "Koenig Tegel"]
[BlackTeam "Neukloster"]
[WhiteTeamCountry "GER"]
[BlackTeamCountry "GER"]

1. Nf3 d5 2. c4 c6 3. d4 Nf6 4. e3 e6 5. Nbd2 Be7 6. Bd3 0-0 7. 0-0 b6 8. Qe2 Bb7 9. e4 dxe4 10. Nxe4 Nbd7 11. Rd1 Qc7 12. Bg5 Rfe8 13. Nxf6+ Nxf6 14. b4 Bxb4 15. Bxf6 gxf6 16. c5 bxc5 17. Qc2 cxd4 18. Bxh7+ Kg7 19. Rxd4 Bd6 20. Rg4+ Kf8 21. Qd2 c5 22. Qh6+ Ke7 23. Rg7 Bxf3 24. gxf3 Bxh2+ 25. Qxh2 Qxh2+ 26. Kxh2 Rh8 27. Rag1 f5 28. Kg2 Kf6 29. Kf1 Rab8 30. Bg8 Rb1+ 31. Ke2 Rxg1 32. Rxg1 Rh4 33. Rb1 Ra4 34. Rb7 Rxa2+ 35. Ke3 Ra3+ 36. Ke2 Ke5 37. Rxf7 c4 38. Rc7 Ra2+ 39. Ke1 Ra1+ 40. Ke2 Ra2+ 41. Kf1 Ra1+ 42. Kg2 Rb1 43. f4+ Kd6 44. Rxc4 Rb7 45. Rc8 a5 46. Ra8 Rg7+ 47. Kf3 Rg6 48. Bf7 Rh6 49. Ke2 Rh4 50. Ra6+ Ke7 51. Bxe6 Rxf4 52. f3 Ra4 53. Bxf5 Ra2+ 54. Ke3 a4 55. Bd3 a3 56. f4 Ra1 57. f5 a2 58. Kd4 Kf8 59. Ra8+ Kf7 60. Ra7+ Kf6 61. Ra6+ Ke7 62. Kc3 Rc1+ 63. Kb2 a1Q+ 64. Rxa1 Rc6 65. Ra6 1-0